000 00377cam a2200157ua 4500
041 _aeng
_h
082 _a823.308
_bGOR/DO
100 _aGordon, Richard .
245 _aDoctor in love /
_cRichard Gordon.
_hTextual Documents
250 _a1 /
_b.
260 _aBellomore :
_bPenguin Books ,
_c1961.
300 _a188 ; .
504 _a
942 _cBK
999 _c6917
_d6917